LEADER 03878 am 2200793 n 450 001 9910418023503321 005 20190412 010 $a979-1-03-654443-9 024 7 $a10.4000/books.ifp.1570 035 $a(CKB)4100000010959089 035 $a(FrMaCLE)OB-ifp-1570 035 $a(oapen)https://directory.doabooks.org/handle/20.500.12854/62296 035 $a(PPN)244247366 035 $a(EXLCZ)994100000010959089 100 $a20200414j|||||||| ||| 0 101 0 $afre 135 $auu||||||m|||| 181 $ctxt$2rdacontent 182 $cc$2rdamedia 183 $acr$2rdacarrier 200 13$aLa Vi?vagun??dar?acamp? de Ven?kat??dhvarin $eUn poème satirique sanskrit / 210 $aPondichéry $cInstitut Français de Pondichéry$d2019 215 $a1 online resource (244 p.) 330 $aRelevant du genre de la campu (mélange de vers et de prose), l?ouvrage se présente comme un dialogue entre deux génies divins (gandharvas) qui, montés sur un char céleste, parcourent l?Inde du Nord au Sud. Tandis que l?un dénigre les cités, les habitants et les dieux, l?autre en souligne les qualités et les mérites. Reprenant le thème du voyage aérien (suivant le modèle du Meghad?ta de K?lid?sa), le poème célèbre les principaux lieux saints de l?Inde, plus particulièrement du Tamil Nadu. Ce pélerinage peut se lire comme un hymne ?r?vais?n?ava Ven?kat??dhvarin fait l?éloge de ses maîtres spirituels, R?m?nuja et Ved?ntade?ika, et de leur doctrine. Le dialogue abonde en figures variées, au premier rang desquelles le ?les?a ou double sens. Nombreuses sont aussi les formes de la comparaison sous leurs multiples dénominations. Derived from the genre of campu (a mixture of prose and poetry), the entire volume is presented as a dialogue between two celestial beings (gandharvas), who traverse India from the north to the south flying in a celestial chariot. While one of them criticizes the citites, the inhabitants and the the gods, the other dwells on their qualities and the virtues. Reviving the theme of the aerial journey (on the lines of the Meghad?ta and K?lid?sa), the poem glorifies the principal places of worship in India and, in particular, in Tamil Nadu. This pilgrimage could be read as a ?r?vais?n?ava hymn: Ven?kat??dhvarin praises his spiritual teachers, R?m?nuja and Ved?ntade?ika and their doctrines. The dialogue abounds in figures of speech, the principal being ?les?a (puns). A large variety of the various types of simile are also employed. The book contains the French translation of the Sanskrit text. 606 $aPoetry 606 $apoésie 606 $apoème 606 $asanskrit 606 $aanalyse littéraire 606 $areligion 606 $atraduction 606 $apélerinage 606 $adévotion 606 $aSanskrit literature 606 $aliterature 606 $apilgrimage 606 $adevotion 606 $apoetry 606 $acampu 606 $afigure of style 610 $aliterature 610 $acampu 610 $adevotion 610 $aSanskrit literature 610 $apilgrimage 610 $afigure of style 610 $apoetry 615 4$aPoetry 615 4$apoésie 615 4$apoème 615 4$asanskrit 615 4$aanalyse littéraire 615 4$areligion 615 4$atraduction 615 4$apélerinage 615 4$adévotion 615 4$aSanskrit literature 615 4$aliterature 615 4$apilgrimage 615 4$adevotion 615 4$apoetry 615 4$acampu 615 4$afigure of style 700 $aPorcher$b Marie-Claude$0647586 801 0$bFR-FrMaCLE 906 $aBOOK 912 $a9910418023503321 996 $aLa Vi?vagun??dar?acamp? de Ven?kat??dhvarin$93026708 997 $aUNINA LEADER 07328oam 2200601 450 001 9910806260503321 005 20190911103515.0 010 $a9781483311869$b(electronic book) 010 $a9781452267746$b(paperback) 010 $a1-78684-327-7 010 $a1-4833-5649-3 010 $a1-4833-8786-0 010 $a1-4833-2282-3 010 $a1-322-29986-2 010 $a1-4833-1186-4$b(electronic book) 010 $a1-4522-6774-X 010 $a1-78268-915-X 035 $a(OCoLC)958376466 035 $a(MiFhGG)GVRL9TNU 035 $a(EXLCZ)992430000000037630 100 $a20140124h20152015 uy 0 101 0 $aeng 135 $aurun|---uuuua 181 $ctxt$2rdacontent 182 $cc$2rdamedia 183 $acr$2rdacarrier 200 04$aThe handbook of humanistic psychology $etheory, research, and practice /$fedited by Kirk J. Schneider, J. Fraser Pierson, James F.T. Bugental 205 $aSecond edition. 210 1$aLos Angeles :$cSAGE,$d[2015] 210 4$d?2015 215 $a1 online resource (xxviii, 800 pages) $cillustrations, portraits 225 0 $aGale eBooks 320 $aIncludes bibliographical references at the end of each chapters and indexes. 327 $aPART I: HISTORICAL OVERVIEW -- 1. The Roots and Genealogy of Humanistic Psychology / Donald Moss -- 2. Humanistic Psychology at the Crossroads / Frederick Martin -- 3. Humanistic Psychology and Women: A Critical-Historical Perspective / Eleanor Criswell -- 4. Humanistic Psychology and Multiculturalism: History, Current Status, and Advancements / Theopia Jackson -- PART II: HUMANISTIC THEORY -- Meta-Themes -- 5. The Search for the Psyche: A Human Science Perspective / Amedeo Giorgi -- 6. Rediscovering Awe: A New Front in Humanistic Psychology, Psychotherapy, and Society / Kirk J. Schneider -- 7. The Person as Moral Agent / Thomas Szasz -- 8. The Self and Humanistic Psychology / Donald E. Polkinghorne -- 9. Toward a Sustainable Myth of Self: An Existential Response to the Postmodern Condition / Lisa Meek -- Contemporary Themes -- 10. Humanistic Psychology and Ecology / Melanie Joy -- 11. Humanistic Psychology and Peace / Marc Pilisuk -- 327 $a12. Two Noble Insurgencies: Creativity and Humanistic Psychology / Ruth Richards -- Special Section: Humanistic Psychology And The Arts -- 13. Becoming Authentic: An Existential-Humanistic Approach to Reading Literature / Thomas Greening -- 14. Fellini, Fred, and Ginger: Imagology and the Postmodern World / Edward Mendelowitz -- Emergent Trends -- 15. Humanistic Neuropsychology: The Implications of Neurophenomenology for Psychology / Susan Gordon -- 16. Humanistic Eldercare: Toward a New Conceptual Framework for Aging / Nader Shabahangi -- 17. Toward a Humanistic-Multicultural Model of Development / Eugene M. DeRobertis -- 18. Humanistic Psychology in Dialogue With Cognitive Science and Technological Culture / Christopher M. Aanstoos -- PART III: HUMANISTIC METHODOLOGY -- 19. Humanistic Psychology and the Qualitative Research Tradition / Frederick J. Wertz -- Contemporary Themes -- 327 $a20. An Introduction to Phenomenological Research in Psychology: Historical, Conceptual, and Methodological Foundations / Frederick J. Wertz -- 21. The Grounded Theory Method and Humanistic Psychology / Rinat Nissim -- 22. Heuristic Research: Design and Methodology / Clark Moustakas -- 23. Narrative Research and Humanism / Amia Lieblich -- Emergent Trends -- 24. Research Methodology in Humanistic Psychology in Light of Postmodernity / Stanley Krippner -- 25. Hermeneutic Single-Case Efficacy Design: An Overview / Robert Elliott -- PART IV: HUMANISTIC APPLICATIONS TO PRACTICE -- Contemporary Themes -- 26. Special Section: The Renewal Of Humanism In Psychotherapy -- Introduction: The Renewal of Humanism in Psychotherapy---A Roundtable Discussion / Alfried A. Langle -- The Renewal of Humanism in European Psychotherapy: Developments and Applications / Jurgen Kriz -- Humanism and Multiculturalism: An Evolutionary Alliance / Lillian Comas-Diaz -- 327 $aThe Renewal of Humanism in Psychoanalytic Therapy / Robert D. Stolorow -- Humanism as a Common Factor in Psychotherapy / Bruce E. Wampold -- Toward a Common Focus in Psychotherapy Research / David N. Elkins -- Humanistic Psychology and Contextual Behavioral Perspectives / Steven C. Hayes -- The Renewal of Humanism in Psychotherapy: Summary and Conclusion / Alfried A. Langle -- 27. Frames, Attitudes, and Skills of an Existential-Humanistic Psychotherapist / Bob Edelstein -- Special Section: The Responsibility Of The Therapist -- 28. Therapy as an I--Thou Encounter / Maurice Friedman -- 29. The Person of the Therapist: One Therapist's Journey to Relationship / Barry L. Duncan -- 30. Existential Cross-Cultural Counseling: The Courage to Be an Existential Counselor / Lawrence R. Epp -- 31. Treating Madness Without Hospitals: Soteria and Its Successors / Loren Mosher -- Special Section: Awe And Terror In Humanistic Therapy -- 327 $a32. Awe Comes Shaking Out of the Bones / E. Mark Stern -- 33. If You Are Ready to Undergo These Awe-Full Moments, Then Have an Experiential Session / Alvin R. Mahrer -- 34. Constructivist Approaches to Therapy / Franz R. Epting -- 35. A Humanistic Perspective on Bereavement / Myrtle Heery -- 36. Existential Analysis and Humanistic Psychotherapy / John Rowan -- A Reply to John Rowan / Ernesto Spinelli -- Emergent Trends -- 37. Humanistic Psychology's Transformative Role in a Threatened World / Maureen O'Hara -- 38. Humanistic-Experiential Therapies in the Era of Managed Care / Arthur C. Bohart -- 39. An Existential-Integrative Approach to Experiential Liberation / Kirk J. Schneider -- PART V: HUMANISTIC APPLICATIONS TO BROADER SETTINGS -- Contemporary Themes -- 40. Collaborative Exploration as an Approach to Personality Assessment / Constance T. Fischer -- 41. Cultivating Psychotherapist Artistry: Model Existential-Humanistic Training Programs / Troy Piwowarski -- 327 $a42. Humanistic Psychology, Mind--Body Medicine, and Whole-Person Health Care / Ilene A. Serlin -- 43. Romantic Love as a Path: Tensions Between Erotic Desire and Security Needs / G. Kenneth Bradford -- 44. Beyond Religion: Toward a Humanistic Spirituality / David N. Elkins -- 45. Authenticity, Conventionality, and Angst: Existential and Transpersonal Perspectives / Roger Walsh -- A Reply to Roger Walsh / Kirk J. Schneider -- Emergent Trends -- 46. Humanistic Psychology and Social Action / Donadrian L. Rice -- 47. Humanistic Psychology in the Workplace / Ronald Purser -- PART VI: EPILOGUE: LOOKING BACK AND LOOKING FORWARD -- Closing Statements / James F. T. Bugental. 330 $a"Set against trends toward psychological standardization and medicalization, the handbook provides a rich tapestry of reflection by the leading person-centered scholars of our time." --$cPublisher. 517 3 $aHumanistic psychology 606 $aHumanistic psychology 615 0$aHumanistic psychology. 676 $a150.1986 702 $aSchneider$b Kirk J. 702 $aPierson$b J. Fraser 702 $aBugental$b James F. T. 801 0$bMiFhGG 801 1$bMiFhGG 906 $aBOOK 912 $a9910806260503321 996 $aThe handbook of humanistic psychology$94091503 997 $aUNINA LEADER 02002nam 22005775u 450 001 9910157646803321 005 20211006145446.0 010 $a9783318035261 010 $a3318035262 035 $a(CKB)3780000000102311 035 $a(OCoLC)967550267 035 $a(SZ-BaSKA)221561 035 $a(MiAaPQ)EBC31867115 035 $a(Au-PeEL)EBL31867115 035 $a(EXLCZ)993780000000102311 100 $a20211006d1989 uy 0 101 0 $aeng 135 $aurunu||||| 181 $ctxt$2rdacontent 182 $cc$2rdamedia 183 $acr$2rdacarrier 200 10$aVirus Inactivation in Plasma Products / $f editor, J.J. Morgenthaler 205 $a1st ed. 210 $aBasel : $cS. Karger, $d1989 215 $a1 online resource (X + 158 pages) : $c 28 figures, 44 tables 225 1 $aIssn Series 311 08$a9783805548366 311 08$a3805548362 327 $a978-3-8055-4836-6_Cover -- 978-3-8055-4836-6_00I -- 978-3-8055-4836-6_001 -- 978-3-8055-4836-6_009 -- 978-3-8055-4836-6_023 -- 978-3-8055-4836-6_034 -- 978-3-8055-4836-6_044 -- 978-3-8055-4836-6_055 -- 978-3-8055-4836-6_070 -- 978-3-8055-4836-6_083 -- 978-3-8055-4836-6_097 -- 978-3-8055-4836-6_109 -- 978-3-8055-4836-6_122 -- 978-3-8055-4836-6_128 -- 978-3-8055-4836-6_138 -- 978-3-8055-4836-6_146 -- 978-3-8055-4836-6_154. 410 0$aIssn Series 606 $aHematology 606 $aInfectious Diseases 606 $aMicrobiology 606 $aSerology 606 $aTransfusion Medicine 606 $aVirology 615 14$aHematology 615 24$aInfectious Diseases 615 24$aMicrobiology 615 24$aSerology 615 24$aTransfusion Medicine 615 24$aVirology 676 $a615/.39 700 $aMorgenthaler$b J.J 701 0$aMorgenthaler$b J.-J$g(Jean-Jacques),$f1940-$01231243 801 0$bUKSKG 801 1$bUKSKG 906 $aBOOK 912 $a9910157646803321 996 $aVirus Inactivation in Plasma Products$92858803 997 $aUNINA